| 000 | 00000nas##2200000za#4500 |
| 001 | 9.509635 |
| 003 | CaOODSP |
| 005 | 20200325104249 |
| 007 | ta |
| 008 | 150406c1993||||xxc|| m #||||f| |0fre|d |
| 040 | |aCaOODSP|bfre |
| 041 | |aeng |
| 041 | |afre |
| 043 | |an-cn--- |
| 086 | 1 |aSC94-61 |
| 110 | 1 |aCanada.|bCentre canadien de gestion. |
| 245 | 10|aRapport de recherche |
| 260 | |aOttawa - Ontario : |bCentre canadien de gestion |
| 310 | |aIrrégulier |
| 776 | 0#|tRapport de recherche (Centre canadien de gestion) |w(CaOODSP)9.501133 |
| 776 | 0#|tResearch paper (Canadian Centre for Management Development) |w(CaOODSP)9.504493 |
| 791 | |tResearch paper |eeng|w(CaOODSP)9.509634 |